000 00493nam a22001817a 4500
005 20251108172602.0
008 250721s9999 xx 000 0 eng d
082 1 4 _a219JIL
100 1 _aAl-Jilani, Hadrat Abdul-Qadir
_eAuthor
245 1 4 _aThe Secret of Secrets /
264 1 _aCambridge :
_bThe Islamic Taxts,
300 _a122p
490 0 _aGolden Palm Series
650 1 7 _aSufism
700 1 _aAl-Halveti, Tosun Bayrak Al-Jerrahi
_eTranslator
942 _2ddc
_cBK
999 _c83245
_d83245